00688nam a2200205 a 4500008004100000020002400041100005100065245007400116250001200190260002600202300002500228440002100253500004500274500002000319650008900339650002700428003000100455005001700456040000900473  a0751737674 (pbk. )1 aChartered Institute of Management Accountants.10aManagement accounting :b financial strategynfinal paper 13 /cCIMA. a3rd ed. aLondon :bBPP,c2002. axx, 470 p. ;c30 cm. aCIMA study text. aFor exams in November 2002 and may 2003. aIncludes index. aChartered Institute of Management AccountantsxSyllabusvPractice and revision kit.  1aManagement accounting.20230123134431.0 cNUST